000 01737nam a22003974a 4500
001 ebr10217032
003 CaPaEBR
006 m u
007 cr cn|||||||||
008 030401s2004 wiu sb s001 0 eng
010 _z 2003007693
020 _z0299190803 (hc)
040 _aCaPaEBR
_cCaPaEBR
035 _a(OCoLC)162108562
050 1 4 _aB3998
_b.G63 2004eb
082 0 4 _a199/.492
_221
100 1 _aGoetschel, Willi,
_d1958-
245 1 0 _aSpinoza's modernity
_h[electronic resource] :
_bMendelssohn, Lessing, and Heine /
_cWilli Goetschel.
260 _aMadison, Wis. :
_bUniversity of Wisconsin Press,
_cc2004.
300 _ax, 351 p.
490 1 _aStudies in German Jewish cultural history and literature
504 _aIncludes bibliographical references (p. 325-344) and index.
505 0 _aThe scandal of Spinoza's Jewishness -- Spinoza's modernity -- Spinoza through Mendelssohn -- Spinoza through Lessing -- Spinoza's new place.
533 _aElectronic reproduction.
_bPalo Alto, Calif. :
_cebrary,
_d2013.
_nAvailable via World Wide Web.
_nAccess may be limited to ebrary affiliated libraries.
600 1 0 _aSpinoza, Benedictus de,
_d1632-1677.
600 1 0 _aSpinoza, Benedictus de,
_d1632-1677
_xInfluence.
600 1 0 _aMendelssohn, Moses,
_d1729-1786.
600 1 0 _aLessing, Gotthold Ephraim,
_d1729-1781.
600 1 0 _aHeine, Heinrich,
_d1797-1856.
650 0 _aEnlightenment.
650 0 _aJewish philosophy.
655 7 _aElectronic books.
_2local
710 2 _aebrary, Inc.
830 0 _aStudies in German Jewish cultural history and literature.
856 4 0 _uhttp://site.ebrary.com/lib/rucke/Doc?id=10217032
_zAn electronic book accessible through the World Wide Web; click to view
999 _c129056
_d129056